ბათუმის შოთა რუსთაველის სახელმწიფო უნივერსიტეტის ბიბლიოთეკა

Film in Action : (ბიბ.ჩანაწერი № 55510)

000 -LEADER
fixed length control field 00749nam a2200241Ia 4500
001 - CONTROL NUMBER
control field 22592
003 - CONTROL NUMBER IDENTIFIER
control field GE_BSU
005 - DATE AND TIME OF LATEST TRANSACTION
control field 20230403104921.0
008 - FIXED-LENGTH DATA ELEMENTS--GENERAL INFORMATION
fixed length control field 181216s ||||enk|||||||||||||| ||eng||
020 ## - INTERNATIONAL STANDARD BOOK NUMBER
International Standard Book Number 9783125013667
040 ## - CATALOGING SOURCE
Transcribing agency GE_BSU
080 ## - UNIVERSAL DECIMAL CLASSIFICATION NUMBER
Universal Decimal Classification number 811.111.1 D-72
100 ## - MAIN ENTRY--PERSONAL NAME
Personal name Donaghy, Kieran
9 (RLIN) 17429
245 ## - TITLE STATEMENT
Title Film in Action :
Remainder of title Teaching language using moving images /
Statement of responsibility, etc. Kieran Donaghy ; Edited by Mike Burghall.
264 ## - PRODUCTION, PUBLICATION, DISTRIBUTION, MANUFACTURE, AND COPYRIGHT NOTICE
Place of production, publication, distribution, manufacture Stuttgard :
Name of producer, publisher, distributor, manufacturer Delta Publishing,
Date of production, publication, distribution, manufacture, or copyright notice 2017.
300 ## - PHYSICAL DESCRIPTION
Extent 112 p. :
Other physical details ill ;
Dimensions 24 cm.
653 ## - INDEX TERM--UNCONTROLLED
keyword Film in Action
653 ## - INDEX TERM--UNCONTROLLED
keyword Teaching language using moving images
653 ## - INDEX TERM--UNCONTROLLED
keyword ინგლისური ენა
700 ## - ADDED ENTRY--PERSONAL NAME
Personal name Burghall, Mike
Relator term Edited by
9 (RLIN) 17289
942 ## - ADDED ENTRY ELEMENTS (KOHA)
Koha item type წიგნი
Source of classification or shelving scheme
ეგზემპლარები
Withdrawn status Lost status Source of classification or shelving scheme Damaged status Not for loan Permanent Location Current Location Shelving location Date acquired Cost, normal purchase price Full call number Barcode Date last seen Copy number Price effective from Koha item type Public note
          ბათუმის შოთა რუსთაველის სახელმწიფო უნივერსიტეტის მთავარი ბიბლიოთეკა ბათუმის შოთა რუსთაველის სახელმწიფო უნივერსიტეტის მთავარი ბიბლიოთეკა წიგნსაცავი 2018-12-17 132.00 811.111.1 D-72 57872 2018-12-17 57872 2018-12-17 წიგნი 132.00 GEL.